|
|
|
|
| LEADER |
00000nam0a2200000 4500 |
| 001 |
178175 |
| 005 |
20231101223405.0 |
| 010 |
|
|
|a 9785922111621
|
| 035 |
|
|
|a (RuTPU)RU\TPU\book\193164
|
| 090 |
|
|
|a 178175
|
| 100 |
|
|
|a 20100402d2009 k y0rusy50 ca
|
| 101 |
0 |
|
|a rus
|
| 102 |
|
|
|a RU
|
| 105 |
|
|
|a a z 001zy
|
| 200 |
1 |
|
|a Биофизические основы электрокардиотопографических методов
|f Л. И. Титомир [и др.]
|
| 210 |
|
|
|a Москва
|c Физматлит
|d 2009
|
| 215 |
|
|
|a 224 с.
|c ил.
|
| 300 |
|
|
|a Авт. указаны на обороте тит. листа.
|
| 320 |
|
|
|a Библиогр.: с. 214-223.
|
| 330 |
|
|
|a Описаны принципы картографической визуализации электрофизиологических характеристик сердца, полученных при неинвазивных электрокардиографических измерениях векторкардиографическими и многоэлектродными системами отведений. Обсуждаются способы реализации новых методов изображения электрокардиографических данных и новых параметров для кардиологической диагностики. Представлены направления развития методов на основе новых подходов к математическому моделированию кардиоэлектрического генератора, разработанных авторами и описанных в предыдущих публикациях. Дано подробное описание метода дипольной электрокардиотопографии (ДЭКАРТО), обеспечивающего содержательно-образное представление характеристик сердца на основе простой измерительной процедуры, легко реализуемой в медицинских учреждениях. Приведено обоснование и представлены примеры применения ДЭКАРТО для диагностической оценки электрокардиографических измерений при ишемической болезни, инфаркте и гипертрофии сердца. Для специалистов, разрабатывающих и применяющих новые методы и компьютерные системы кардиологической диагностики, для студентов и аспирантов соответствующих специальностей.
|
| 606 |
1 |
|
|a Электрокардиография
|2 stltpush
|3 (RuTPU)RU\TPU\subj\20103
|9 45242
|
| 610 |
1 |
|
|a сердце
|
| 610 |
1 |
|
|a электрофизиологические характеристики
|
| 610 |
1 |
|
|a миокард
|
| 610 |
1 |
|
|a электрокардиотопография
|
| 610 |
1 |
|
|a математические модели
|
| 610 |
1 |
|
|a электродинамика
|
| 610 |
1 |
|
|a МУЛЬТЭКАРТО
|
| 610 |
1 |
|
|a мультипольная электрокардиотопография
|
| 610 |
1 |
|
|a дипольная электрокардиотопография
|
| 610 |
1 |
|
|a ДЭКАРТО
|
| 610 |
1 |
|
|a патологические состояния
|
| 610 |
1 |
|
|a дэкартограммы
|
| 675 |
|
|
|a 615.84
|v 3
|
| 701 |
|
1 |
|a Титомир
|b Л. И.
|g Леонид Иванович
|
| 701 |
|
1 |
|a Кнеппо
|b П.
|g Петер
|
| 701 |
|
1 |
|a Трунов
|b В. Г.
|g Владимир Григорьевич
|
| 701 |
|
1 |
|a Айду
|b Э. А.-И.
|g Эдуард Альфред-Иоханесович
|
| 801 |
|
1 |
|a RU
|b 63413507
|c 20100402
|
| 801 |
|
2 |
|a RU
|b 63413507
|c 20100610
|g RCR
|
| 900 |
|
|
|a Биофизика
|
| 942 |
|
|
|c BK
|